000 01377 a2200241 4500
001 28249
005 20260407155554.0
008 260407a2014 arg spa d
003 AR-UNSa-BCEJYS
040 _aAR-UNSa-BCEJYS
_bspa
_cAR-UNSa-BCEJYS
080 _a371.68
_xMaterial audiovisual (TIC)
245 1 0 _aLa integración de las tecnologías digitales en las escuelas de América Latina y el Caribe
_puna mirada multidimensional
020 _a978-92-1-121851-0
264 1 _aSantiago de Chile :
_bCEPAL (Comisión Económica para América Latina y el Caribe)
_c2014
300 _a164 p.
_c22 cm.
505 _a1. Políticas de TIC para el sector de la educación - 2. Acceso: la puerta de entrada al mundo digital - 3. Usos: la oportunidad real de integración en el mundo digital - 4. La política de desarrollo de contenidos mediante los portales educativos - 5. Aprender con las TIC: avanzar hacia la apropiación - 6. Gestión educativa con las TIC - 7. Matriz de análisis de las TIC en el sector de la educación
942 _cBK
590 _aniveau_biblio:m niveau_hierar:0
100 1 _aSunkel, Guillermo
700 1 _aTrucco, Daniela
700 1 _aEspejo, Andrés
856 4 1 _uhttps://biblioeco.unsa.edu.ar/pmb/images/libros/La Integracion de la tecnologias digitales en las escuelas de America Latina y el Caribe-l119997.jpg
_yImagen de portada
_qimage/jpeg
999 _c1680
_d1680